01287nam a22003017a 4500999001700000005001700017008004100034022001300075040002700088041000800115044000700123082001800130110003000148245022200178260008700400300006200487490007200549650002900621650003500650650003200685650001600717651001500733700002900748700003000777700002500807942001500832952013800847 c20492d2049220191015063125.0191015b xxu||||| |||| 00| 0 spa d a00347744 aCO-BoIAVH cCO-BoIAVH  aspa acr a574.05bUn38m2 aUniversidad de Costa Rica aMacroinvertebrados de agua dulce de Costa Rica 1: bIntroducción a los grupos de macroinvertebrados acuáticos metodos de recolección - biomonitoreo acuático . ephemeroptera - odonata - plecoptera - trichoptera aSan José:bUniversidad de Costa Rica, Ciudad universitaria Rodrigo Facio,c2010. a240 Páginasbilustraciones y fotografías c25 x 17 cm aRevista de Biología Tropical: vvolumen 58(supl.4) Diciembre 2010 0aBiodiversidad acuática 0aMacroinvertebrados acuáticos 0aAgua dulcexInvestigación 0aTaxonomía 0aCosta Rica1 aSpringer, MonikaeEditor aRamírez, AlonsoeEditor aHanson, PauleEditor 2ddccLIBRO 00102ddc40708GENERALaBogotabBogotad2019-10-15l0oLB-574.05 Un38mp043594r2019-10-15 00:00:00tEj.1w2019-10-15xCanjeyLIBRO